000 00686nam a2200277Ia 4500
005 20260324133242.0
008 008 260324s9999 xx 000 0 eng d
020 _a9780429078859
037 _aEBOOK
040 _aCRL
040 _beng
040 _cCRL
041 _2eng
041 _aeng
084 _qCRL
100 _aRobert Arnott; Chris Smith; Robert Arnott; Stanley Finger; Chris Smith; Stanley Finger
_91192377
245 0 _aTrepanation
260 _bTaylor and Francis
260 _c2003
365 _a
365 _b385
856 _uhttp://www.taylorfrancis.com/books/9780429078859
942 _cEBOOK
999 _c1791257
_d1791257